000
00345cam a2200145ua 4500
041
_a
hin
_h
082
_a
891.54
_b
JAY/BH
100
_a
Jayasankar prasad, .
245
_a
Bharna /
_c
Jayasankar prasad.
_h
Textual Documents
260
_a
:
_b
Bharath bhandar ,
_c
1960.
300
_a
94 ; .
504
_a
942
_c
BK
999
_c
11637
_d
11637